| 000 | 00000nas##2200000za#4500 |
|---|---|
| 001 | 9.500895 |
| 003 | CaOODSP |
| 005 | 20250509081806 |
| 007 | cr ||||||||||| |
| 008 | 150406c2002||||xxc|| m o||||f| |0fre|d |
| 040 | |aCaOODSP|bfre |
| 043 | |an-cn--- |
| 086 | 1 |aM44-2002F-IN |
| 110 | 2 |aCommission géologique du Canada. |
| 245 | 10|aRecherches en cours |h[ressource électronique] |
| 260 | |aOttawa - Ontario : |bRessources naturelles Canada. |
| 546 | |aAbstract in English |